000 00334 a2200109 4500
001 ART_8439
005 20260410161833.0
008 260409a
245 1 0 _aIntroducción a la programación lineal
100 1 _aBonatti, Patricia
773 0 _tContabilidad y administración
_g- Año 3, Nº 25 (jul. 1979)
_wREV5485
999 _c23418
_d23418